LEADER 00964nam a2200265 i 4500 001 000000153491 003 CaOOAMICUS 005 20060926000000.0 008 060926s1966 it u000 u ita u 013 $a130833 040 $aSeMil$bita 100 1 $aValgimigli, Manara,$d<1876-1965>.$0(OLS)http://semarc/name/1285 245 13$aLa mia scuola /$cManara Valgimigli. 260 $aPadova :$bRebellato,$cstampa 1966. 300 $a172 p. ;$c22 cm. 490 0 $aLe quattro stagioni ;$v11 500 $aFondo Ciprandi. 650 4$aScuola - Italia.$0(OLS)http://semarc/subject/729 830 3$aLe quattro stagioni ;$v11.$0(OLS)http://semarc/title/8386 850 $aSeMil 852 $aSeMil$W1$xVenegono$y1$m1O II 358$j237612$B105428$CSeMilBibl$Z2$F114643 $81 941 1 $a1 961 $aOmaggio: Ciprandi dott. Paolo 996 $6245$aLa mia scuola$9(OLS)http://semarc/title/224605 996 $6260$aPadova :$bRebellato$9(OLS)http://semarc/publisher/31744 LEADER 01183nam a2200289 i 4500 001 000000114799 003 CaOOAMICUS 005 20181018170337.0 008 030429s2002 it u000 u ita u 013 $a87487 020 $a88-10-22119-2 040 $aSeMil$bita 100 1 $aSka, Jean Louis,$c.$0(OLS)http://semarc/name/10799 245 10$aAbramo e i suoi ospiti :$bil Patriarca e i credenti nel Dio Unico /$cJean Ska Louis. 260 $aBologna :$bEDB,$c2002. 300 $a153 p. ;$c21 cm. 490 0 $aBiblica [EDB] 600 04$aAbramo .$0(OLS)http://semarc/subject/15998 650 4$aBibbia - AT - Patriarchi.$0(OLS)http://semarc/subject/20942 830 0$aBiblica.$0(OLS)http://semarc/title/6074 850 $aSeMil 852 $aSeMil$W1$xVenegono$y1$m2W II 42$j70342$B70342$CSeMilBibl$Z2$F75162 $81 961 $aOmaggio per recensione: Scuola Cattolica 996 $6020$a88-10-22119-2$9(OLS)http://semarc/number/98270 996 $6245$aAbramo e i suoi ospiti :$bil Patriarca e i credenti nel Dio Unico$9(OLS)http://semarc/title/167899 996 $6260$aBologna :$bEDB$9(OLS)http://semarc/publisher/29669